| Tag |
First Indicator |
Second Indicator |
Subfields |
| LEADER |
00000cam a2200000 i 4500 |
| 001 |
in00000049175 |
| 005 |
20151007065706.0 |
| 008 |
790712s1978 sa a b 10100 eng |
| 010 |
|
|
|a 79308444
|
| 015 |
|
|
|a SA***
|
| 020 |
|
|
|a 0195701518 :
|c $11.95
|
| 035 |
|
|
|a (OCoLC)04305235
|
| 035 |
|
|
|9 AAE2494AM
|
| 040 |
|
|
|a DLC
|c DLC
|d TXA
|d UtOrBLW
|
| 043 |
|
|
|a f-sa---
|
| 049 |
|
|
|a TXAM
|c [1383572]
|
| 050 |
0 |
0 |
|a DT779.9
|b .I57
|
| 082 |
0 |
|
|a 320.9/68/06
|
| 245 |
0 |
0 |
|a International pressures and political change in South Africa /
|c edited by F. McA. Clifford-Vaughan.
|
| 264 |
|
1 |
|a Cape Town ;
|a New York :
|b Oxford University Press,
|c 1978.
|
| 300 |
|
|
|a 109 pages :
|b illustrations ;
|c 22 cm.
|
| 336 |
|
|
|a text
|b txt
|2 rdacontent
|
| 337 |
|
|
|a unmediated
|b n
|2 rdamedia
|
| 338 |
|
|
|a volume
|b nc
|2 rdacarrier
|
| 500 |
|
|
|a "Originally delivered as papers in a symposium ... held at the University of Natal in August 1977 under the auspices of the Department of History and Political Science and the South African Institute of International Affairs."
|
| 504 |
|
|
|a Includes bibliographical references and index.
|
| 650 |
|
0 |
|a Afrikaners
|x Psychology
|x Congresses.
|
| 651 |
|
0 |
|a South Africa
|x Politics and government
|y 1961-1978
|x Congresses.
|
| 651 |
|
0 |
|a South Africa
|x Foreign relations
|x Congresses.
|
| 651 |
|
0 |
|a South Africa
|x Race relations
|x Congresses.
|
| 700 |
1 |
|
|a Clifford Vaughan, F.
|
| 710 |
1 |
|
|a Pietermaritsburg.
|b University of Natal.
|b Department of History and Political Science.
|
| 710 |
2 |
|
|a South African Institute of International Affairs.
|
| 999 |
|
|
|a MARS
|
| 999 |
f |
f |
|s 46afb6fc-51c1-349d-b6e6-b65cbcaf94d5
|i 85b5e71e-0b20-3223-b3b8-5604188391a5
|t 0
|
| 952 |
f |
f |
|p ric
|a Texas A&M University
|b Rellis Campus
|c Joint Library Facility
|d Remote Storage
|t 0
|e DT779.9 .I57
|h Library of Congress classification
|i unmediated -- volume
|m A14802104409
|
| 998 |
f |
f |
|a DT779.9 .I57
|t 0
|l Remote Storage
|